| 000 | 00432nam a22001457a 4500 | ||
|---|---|---|---|
| 082 | _aP-547 | ||
| 100 |
_aSyed Ishtiaq Ahmad _948316 |
||
| 245 | _aAnalysis and treatment proposal for the industrial fluent of gadoon amazai industrial area, Swabi/ | ||
| 260 |
_aRisalpur: _bMCE _cc2014 |
||
| 300 |
_axi, 80p,; _c26cm |
||
| 526 |
_a0 _b0 _c0 _dP_547 |
||
| 650 | _aProject | ||
| 700 |
_aDr Arshad, Asst. Prof _948317 |
||
| 942 |
_2ddc _cBK |
||
| 999 |
_c551302 _d551302 |
||